Shorter Oxford English dictionary on historical principles / (Record no. 24223)
[ view plain ]
| 000 -LEADER | |
|---|---|
| fixed length control field | 00983nam a2200313#a 4500 |
| 001 - CONTROL NUMBER | |
| control field | 00928 |
| 003 - CONTROL NUMBER IDENTIFIER | |
| control field | HDC |
| 007 - PHYSICAL DESCRIPTION FIXED FIELD--GENERAL INFORMATION | |
| fixed length control field | ta |
| 008 - FIXED-LENGTH DATA ELEMENTS--GENERAL INFORMATION | |
| fixed length control field | 230623s2002 xx 000 0 eng d |
| 020 ## - INTERNATIONAL STANDARD BOOK NUMBER | |
| International Standard Book Number | 0198605757 (hbk.). |
| 040 ## - CATALOGING SOURCE | |
| Original cataloging agency | HDC |
| 050 ## - LIBRARY OF CONGRESS CALL NUMBER | |
| Classification number | ref PE 1625 |
| Item number | .S47 2002 V.2 |
| 245 #0 - TITLE STATEMENT | |
| Title | Shorter Oxford English dictionary on historical principles / |
| Statement of responsibility, etc. | [editors, William R. Trumble, Angus Stevenson]. |
| 250 ## - EDITION STATEMENT | |
| Edition statement | 5th ed. |
| 264 ## - PRODUCTION, PUBLICATION, DISTRIBUTION, MANUFACTURE, AND COPYRIGHT NOTICE | |
| Place of production, publication, distribution, manufacture | New York : |
| 264 ## - PRODUCTION, PUBLICATION, DISTRIBUTION, MANUFACTURE, AND COPYRIGHT NOTICE | |
| Place of production, publication, distribution, manufacture | Oxford |
| Name of producer, publisher, distributor, manufacturer | Oxford University Press, |
| Date of production, publication, distribution, manufacture, or copyright notice | 2002 |
| 300 ## - PHYSICAL DESCRIPTION | |
| Extent | 1 v. (xxvii, 3750 p.) ; |
| Dimensions | 29 cm. |
| 500 ## - GENERAL NOTE | |
| General note | Editor-in-chief, Lesley Brown. |
| -- | Rev. ed. of: The new shorter Oxford English dictionary on historical principles. 1993. |
| 504 ## - BIBLIOGRAPHY, ETC. NOTE | |
| Bibliography, etc. note | v. 2. N-Z. |
| 650 ## - SUBJECT ADDED ENTRY--TOPICAL TERM | |
| Topical term or geographic name entry element | English language |
| Form subdivision | Dictionaries. |
| 700 ## - ADDED ENTRY--PERSONAL NAME | |
| Personal name | Brown, Lesley. |
| 700 ## - ADDED ENTRY--PERSONAL NAME | |
| Personal name | Stevenson, Angus. |
| 700 ## - ADDED ENTRY--PERSONAL NAME | |
| Personal name | Stevenson, Angus. |
| 700 ## - ADDED ENTRY--PERSONAL NAME | |
| Personal name | Trumble, William R. |
| 942 ## - ADDED ENTRY ELEMENTS (KOHA) | |
| Source of classification or shelving scheme | Library of Congress Classification |
| 942 ## - ADDED ENTRY ELEMENTS (KOHA) | |
| Koha item type | Book |
| 942 ## - ADDED ENTRY ELEMENTS (KOHA) | |
| Call number prefix | ref PE 1625 |
| 942 ## - ADDED ENTRY ELEMENTS (KOHA) | |
| Call number suffix | .S47 2002 V.2 |
| Withdrawn status | Lost status | Source of classification or shelving scheme | Damaged status | Not for loan | Collection | Home library | Current library | Shelving location | Date acquired | Total checkouts | Full call number | Date last seen | Price effective from | Koha item type |
|---|---|---|---|---|---|---|---|---|---|---|---|---|---|---|
| Library of Congress Classification | Non-fiction | Halal Development Corporation Library | Halal Development Corporation Library | Reference | 17/11/2020 | ref PE 1625 .S47 2002 V.2 | 24/05/2023 | 24/05/2023 | Book |
